Statistics for All Turkish Super League Teams Logo Quiz

Click here to take the quiz!

General Stats

  • This quiz has been taken 80 times
  • The average score is 40 of 75

Answer Stats

Answer% Correct
Bursaspor
86%
Kardemir Karabükspor
86%
MKE Ankaragücü
86%
Fenerbahçe
84%
Galatasaray
84%
Sivasspor
84%
Adana Demirspor
83%
Beşiktaş
83%
İstanbul Başakşehir
83%
İstanbulspor
83%
Kayserispor
83%
Trabzonspor
83%
Alanyaspor
81%
Göztepe
81%
Konyaspor
81%
Çaykur Rizespor
79%
Fatih Karagümrük
79%
Gençlerbirliği
79%
Hatayspor
79%
Kasımpaşa
79%
Samsunspor
79%
Giresunspor
78%
Denizlispor
76%
Ümraniyespor
76%
Gaziantep
75%
Sakaryaspor
75%
Adanaspor
73%
Altay
73%
Erzurumspor FK
73%
Altınordu
71%
Kocaelispor
71%
Yeni Malatyaspor
71%
Akhisarspor
70%
Ankara Keçiörengücü
68%
Antalyaspor
67%
Gaziantepspor
67%
Boluspor
65%
Karşıyaka
65%
Eskişehirspor
63%
Pendikspor
63%
Türk Telekom
63%
Orduspor
60%
Diyarbakırspor
59%
Kayseri Erciyesspor
56%
Manisaspor
56%
Ankara Demirspor
52%
Balıkesirspor
52%
Sarıyer
52%
Elazığspor
51%
Petrol Ofisi
43%
Ankaraspor
41%
Malatyaspor
32%
Vanspor
30%
Hacettepe
22%
Çanakkale Dardanel
21%
Vefa
21%
Siirtspor
19%
Erzurumspor
17%
Aydınspor
14%
İzmirspor
14%
Akçaabat Sebatspor
11%
Beykoz
11%
Fenerspor
11%
Kahramanmaraşspor
11%
Turanspor
11%
Buca Geliştirmespor
10%
MKE Kırıkkalespor
10%
Bakırköyspor
8%
Yozgatspor
8%
Feriköy
6%
Zeytinburnuspor
6%
Alibeyköyspor
5%
Beyoğluspor
5%
Mersin Talim Yurdu
5%
Yeşildirek
3%

Score Distribution

Percentile by Number Answered

Percent of People with Each Score

Your Score History

You have not taken this quiz